00498nam a2200181Ia 4500003000400000005001700004008004100021020003000062040001700092082002000109100001600129245004400145250001100189260002500200300001200225650002300237650005600260IIN20240202165810.0231217s9999 xx 000 0 und d cRs.350.00a97893881785056 aIINbEnglish a616.0252 bSIR1 aSira, Sanju aFirst Aid Manual for NursescSanju Sira a2nd ed bCBSaNew Delhic2020 ax,198p.1 aFirst aid vInjury1 aFirst aid in illness and injuryvStudy and teaching